[Event "ICS rated blitz match"]
[Site "204.178.125.65"]
[Date "1999.11.03"]
[Round "?"]
[White "Hossa"]
[Black "PostModernist"]
[Result "1/2-1/2"]
[WhiteElo "2459"]
[BlackElo "2581"]
[PlyCount "274"]
[EventDate "1999.??.??"]

1. e4 c5 2. Nf3 e6 3. d4 cxd4 4. Nxd4 Nf6 5. Nc3 d6 6. g4 Be7 7. Bb5+ Nfd7 8.
O-O O-O 9. Be3 Ne5 10. Be2 Nbc6 11. f4 Nxd4 12. Qxd4 Nc6 13. Qc4 Bd7 14. Rad1
Rc8 15. Rd2 a6 16. Rfd1 b5 17. Qd3 Na5 18. Qd4 Nc4 19. Bxc4 Rxc4 20. Qd3 Rc8
21. Qd4 e5 22. fxe5 Bxg4 23. Rf1 Rc4 24. Qa7 Rc6 25. Nd5 Bd7 26. Bb6 Qe8 27.
Rfd1 Bh4 28. exd6 Rxd6 29. Rd4 Rg6+ 30. Kh1 Bf2 31. Bc5 Bg4 32. Kg2 Bxd4 33.
Rxd4 Be6+ 34. Kf3 Bxd5 35. Bxf8 Qc8 36. Bd6 Rf6+ 37. Ke3 Rxd6 38. exd5 Qh3+ 39.
Kd2 Qxh2+ 40. Kc3 g6 41. a4 bxa4 42. Qe7 Qh3+ 43. Kb4 Rb6+ 44. Kxa4 Rxb2 45.
Qe8+ Kg7 46. Qe5+ f6 47. Qc7+ Kh6 48. c3 g5 49. Ka3 Rb5 50. Rd2 Kg6 51. Rh2 Rc5
52. Qxc5 Qxh2 53. Qf8 Qe5 54. Qg8+ Kh6 55. Kb3 g4 56. Qxg4 Qxd5+ 57. c4 Qc6 58.
Kb4 Qb6+ 59. Ka4 Qd6 60. Qc8 Kg5 61. Qg8+ Kf4 62. Qxh7 Qb6 63. Qh2+ Kf3 64.
Qh5+ Ke3 65. Qd5 Kf4 66. Qd2+ Kg4 67. Qg2+ Kf5 68. Qf3+ Kg6 69. Qg4+ Kf7 70.
Qd7+ Kf8 71. Qf5 Ke7 72. Qh7+ Kd6 73. Qh2+ Kc6 74. Qh1+ Kc7 75. Qh7+ Kc8 76.
Qf5+ Kb7 77. Qh7+ Qc7 78. Qb1+ Ka7 79. Qg1+ Kb8 80. Qb1+ Qb7 81. Qf5 Qc6+ 82.
Kb4 Qb6+ 83. Ka4 Qd4 84. Kb4 Kb7 85. Qh7+ Kb6 86. Qb1 Qe5 87. Qg1+ Kc6 88. Qg2+
Kd6 89. Qd2+ Kc7 90. Qa2 Qe7+ 91. Ka4 Qc5 92. Qh2+ Kb7 93. Qh7+ Kb6 94. Qb1+
Kc6 95. Qe4+ Kd6 96. Qd3+ Kc7 97. Qh7+ Kd8 98. Qf7 Qe5 99. Qa7 Qa1+ 100. Kb4 f5
101. Kb3 Qd1+ 102. Kb4 Qd6+ 103. c5 Qd3 104. Qb6+ Ke7 105. Qb7+ Kf6 106. c6 f4
107. Ka5 Qa3+ 108. Kb6 Qd6 109. Qxa6 f3 110. Qa1+ Kf7 111. Qa2+ Ke7 112. Qf2
Qb4+ 113. Kc7 Qc3 114. Qh4+ Ke6 115. Qe4+ Qe5+ 116. Qxe5+ Kxe5 117. Kd7 f2 118.
c7 f1=Q 119. c8=Q Qf7+ 120. Kc6 Qc4+ 121. Kd7 Qd5+ 122. Ke8 Qg8+ 123. Kd7 Qg7+
124. Kc6 Qg6+ 125. Kb5 Qb1+ 126. Kc6 Qc2+ 127. Kd7 Qd3+ 128. Ke7 Qd6+ 129. Kf7
Qf6+ 130. Ke8 Qg6+ 131. Kd8 Qg5+ 132. Kc7 Qg3 133. Qd7 Qc3+ 134. Kd8 Qb3 135.
Qe7+ Kd4 136. Qd6+ Qd5 137. Qxd5+ 137... Kxd5 {
Game drawn because neither player has mating material} 1/2-1/2

[Event "ICS rated blitz match"]
[Site "204.178.125.65"]
[Date "1999.11.03"]
[Round "?"]
[White "JudgeTurpin"]
[Black "Hossa"]
[Result "0-1"]
[WhiteElo "2613"]
[BlackElo "2464"]
[PlyCount "178"]
[EventDate "1999.??.??"]

1. e4 e5 2. Nc3 Nf6 3. g3 d5 4. exd5 Nxd5 5. Bg2 Nxc3 6. bxc3 Bd6 7. Nf3 c5 8.
O-O Nc6 9. Qe1 O-O 10. Qe4 Be6 11. d3 f5 12. Qe1 Qf6 13. Ng5 Bd7 14. Rb1 Rab8
15. Qd2 h6 16. Nh3 f4 17. f3 fxg3 18. hxg3 Qg6 19. Kh2 Qh5 20. Qd1 Be6 21. a4
Bd7 22. Be3 Ne7 23. a5 Nd5 24. Bd2 Nf6 25. Rh1 Qg6 26. Nf2 c4 27. Qe2 e4 28.
Nxe4 Nxe4 29. dxe4 Bxg3+ 30. Kg1 Be6 31. Be3 b6 32. axb6 axb6 33. Bd4 b5 34.
Kf1 Rf7 35. Bf2 Rbf8 36. Rxb5 Rf4 37. e5 Bxf2 38. Kxf2 Qf5 39. Re1 Qg4 40. Rh1
Bd7 41. Rc5 Qg6 42. Rg1 Be6 43. Re1 Qg4 44. Rh1 Kh8 45. Ra5 R4f5 46. Rb5 Rg5
47. Kf1 Qf4 48. Qd1 Qg3 49. Qe2 Kg8 50. Qf2 Qf4 51. Qe2 Rd8 52. Rg1 Bd5 53. Qd1
Rxe5 54. Rh1 Qg5 55. Rh3 Be6 56. Qxd8+ Qxd8 57. Rxe5 Bxh3 58. Bxh3 Qd1+ 59. Kg2
Qxc2+ 60. Kg3 Qxc3 61. Be6+ Kf8 62. Re4 g5 63. Bxc4 h5 64. Bf1 Kf7 65. Kg2 Qd2+
66. Re2 Qd1 67. Rb2 h4 68. Rb7+ Kg6 69. Kf2 Qd4+ 70. Ke2 g4 71. Rb3 g3 72. Bh3
Qf2+ 73. Kd1 Qg1+ 74. Ke2 Qh2+ 75. Ke3 Qxh3 76. Rb6+ Kf7 77. Rb7+ Kf6 78. Rb6+
Qe6+ 79. Rxe6+ Kxe6 80. f4 h3 81. Kf3 g2 82. Kf2 Kf5 83. Kg1 Kxf4 84. Kf2 Ke4
85. Kg1 Kf3 86. Kh2 Kf2 87. Kxh3 g1=Q 88. Kh4 Qg6 89. Kh3 89... Qh5# {
JudgeTurpin checkmated} 0-1

[Event "ICS rated blitz match"]
[Site "204.178.125.65"]
[Date "1999.11.03"]
[Round "?"]
[White "Hossa"]
[Black "R-172"]
[Result "1-0"]
[WhiteElo "2486"]
[BlackElo "2249"]
[PlyCount "83"]
[EventDate "1999.??.??"]

1. e4 e5 2. Nf3 Nc6 3. d4 exd4 4. Nxd4 Nf6 5. Nxc6 bxc6 6. Bd3 Qe7 7. O-O d6 8.
c4 g6 9. Nc3 Bg7 10. c5 O-O 11. cxd6 cxd6 12. Bg5 h6 13. Bh4 Be6 14. Qf3 g5 15.
Bg3 Nd7 16. Rfc1 Rab8 17. Rab1 Ne5 18. Qe2 Rfd8 19. Bc2 Bc4 20. Qd2 Qe6 21. b3
Ba6 22. Qe3 Rd7 23. Rd1 Rb4 24. Rbc1 Qf6 25. Ne2 Bxe2 26. Qxe2 Qg6 27. Qd2 a5
28. a3 Rb5 29. f4 gxf4 30. Qxf4 Ng4 31. Qf3 Be5 32. Rf1 Bd4+ 33. Kh1 Ne3 34. e5
Nxc2 35. Qxc6 Rbb7 36. Rxc2 Bxe5 37. Bxe5 dxe5 38. Qc8+ Kg7 39. Rc3 Rd3 40. Rc6
Re7 41. Rxg6+ Kxg6 42. Qg8+ {R-172 resigns} 1-0

[Event "ICS rated blitz match"]
[Site "204.178.125.65"]
[Date "1999.11.03"]
[Round "?"]
[White "R-172"]
[Black "Hossa"]
[Result "1-0"]
[WhiteElo "2242"]
[BlackElo "2493"]
[PlyCount "68"]
[EventDate "1999.??.??"]

1. d4 c5 2. d5 d6 3. c4 Nf6 4. Nc3 e5 5. e4 Be7 6. h3 O-O 7. Nf3 Ne8 8. g4 Nd7
9. Bd3 Nc7 10. a4 Na6 11. Ne2 Nb4 12. Bb1 b6 13. Ra3 Ba6 14. Rc3 Bb7 15. Ng3
Qe8 16. h4 Nf6 17. Nh2 Bc8 18. g5 Nd7 19. Nf5 Nb8 20. Ng4 Bxf5 21. exf5 f6 22.
Rg3 Qd8 23. Qd2 N8a6 24. Rhg1 Kh8 25. gxf6 gxf6 26. Nh6 Qe8 27. Qe2 Nd3+ 28.
Bxd3 Rg8 29. Nxg8 Nb4 30. Be4 Na2 31. Bd2 b5 32. Nh6 Nc1 33. Bxc1 bxc4 34. Bf3
34... c3 {Hossa resigns} 1-0

[Event "ICS rated blitz match"]
[Site "204.178.125.65"]
[Date "1999.11.03"]
[Round "?"]
[White "LeonGM"]
[Black "Hossa"]
[Result "0-1"]
[WhiteElo "2499"]
[BlackElo "2467"]
[PlyCount "72"]
[EventDate "1999.??.??"]

1. e4 e5 2. Nf3 Nc6 3. Bb5 a6 4. Ba4 Nf6 5. O-O Nxe4 6. d4 b5 7. Bb3 d5 8. dxe5
Be6 9. c3 Bc5 10. Bf4 g5 11. Be3 Bxe3 12. fxe3 g4 13. Nd4 Nxe5 14. Nd2 Nxd2 15.
Qxd2 c5 16. Nxe6 fxe6 17. e4 c4 18. Bc2 dxe4 19. Qf4 Qd6 20. Rad1 Qc5+ 21. Kh1
Rf8 22. Qxe4 Rxf1+ 23. Rxf1 O-O-O 24. Qa8+ Kc7 25. Qxa6 Rd6 26. Qa5+ Qb6 27.
Qb4 h5 28. a4 Rd2 29. Be4 bxa4 30. Qxa4 Qxb2 31. Qa5+ Kd6 32. Qd8+ Nd7 33. Qg5
Qxc3 34. Qxh5 Nf6 35. Qg6 Re2 36. Bb7 36... Re1 {LeonGM resigns} 0-1

[Event "ICS rated blitz match"]
[Site "204.178.125.65"]
[Date "1999.11.03"]
[Round "?"]
[White "Hossa"]
[Black "HUR"]
[Result "1-0"]
[WhiteElo "2484"]
[BlackElo "2389"]
[PlyCount "77"]
[EventDate "1999.??.??"]

1. d4 g6 2. e4 Bg7 3. Nc3 d6 4. Nf3 Nc6 5. d5 Ne5 6. Nxe5 Bxe5 7. f4 Bg7 8.
Bb5+ Bd7 9. Bxd7+ Qxd7 10. O-O c6 11. Be3 Nf6 12. Bd4 O-O 13. Qf3 cxd5 14. Nxd5
Rac8 15. Bxf6 exf6 16. c3 Rfe8 17. Rfe1 Kh8 18. Qd3 Qg4 19. Qb5 b6 20. Qa4 Qd7
21. Qxd7 Rcd8 22. Qxa7 Ra8 23. Qxf7 Rf8 24. Qe7 Rae8 25. Qxd6 Rd8 26. Qc6 Rc8
27. Qxb6 Rb8 28. Qf2 f5 29. e5 Rfe8 30. h4 Rb5 31. Nc7 Rbb8 32. Nxe8 Rxe8 33.
Qd4 Rc8 34. Qd7 Rf8 35. e6 Kg8 36. e7 Rf7 37. e8=Q+ Bf8 38. Qexf7+ Kh8 39.
Qxf8# {HUR checkmated} 1-0

[Event "ICS rated blitz match"]
[Site "204.178.125.65"]
[Date "1999.11.03"]
[Round "?"]
[White "Hossa"]
[Black "LeonGM"]
[Result "0-1"]
[WhiteElo "2496"]
[BlackElo "2490"]
[PlyCount "87"]
[EventDate "1999.??.??"]

1. d4 d6 2. c4 e5 3. dxe5 dxe5 4. Qxd8+ Kxd8 5. Nf3 f6 6. e4 c6 7. Nc3 Na6 8.
Be2 Be6 9. O-O Bb4 10. Bd2 Nc5 11. Rfd1 Kc8 12. Nb5 Bxd2 13. Nd6+ Kc7 14. Rxd2
a5 15. Rad1 Ne7 16. b3 Rad8 17. Kh1 Rd7 18. b4 axb4 19. Kg1 Rhd8 20. Nf5 Rxd2
21. Nxd2 Nxf5 22. exf5 Bxf5 23. Nf1 Rxd1 24. Bxd1 Bb1 25. Bb3 Kd6 26. Nd2 Bd3
27. Nf3 e4 28. Nd2 Ke5 29. Bd1 Kd4 30. h3 Kc3 31. Nb3 Nxb3 32. axb3 Bc2 33. Bg4
Bxb3 34. c5 Bc2 35. Be6 b3 36. Kf1 b2 37. Ba2 b1=Q+ 38. Bxb1 Bxb1 39. Ke2 Kd4
40. h4 Bd3+ 41. Kd2 Kxc5 42. Kc3 b5 43. g4 b4+ 44. Kb2 {Hossa resigns} 0-1

[Event "ICS unrated blitz match"]
[Site "204.178.125.65"]
[Date "1999.11.04"]
[Round "?"]
[White "Moron"]
[Black "Hossa"]
[Result "1-0"]
[WhiteElo "2885"]
[BlackElo "2480"]
[PlyCount "108"]
[EventDate "1999.??.??"]

1. d4 d6 2. Nf3 d5 3. Bf4 Bg4 4. Ne5 Bh5 5. Qd3 f6 6. Qh3 Bf7 7. Nxf7 Kxf7 8.
e3 Nc6 9. Nc3 e5 10. dxe5 fxe5 11. Qf5+ Nf6 12. Bxe5 Nxe5 13. Qxe5 Bb4 14. Qd4
c5 15. Qd3 Rf8 16. O-O-O Bxc3 17. Qxc3 Qb6 18. Be2 Kg8 19. Bf3 Rad8 20. Rd2 Qa6
21. Kb1 Qb5 22. Rhd1 Rd7 23. Qb3 Qxb3 24. axb3 Rfd8 25. e4 dxe4 26. Rxd7 Rxd7
27. Rxd7 Nxd7 28. Bxe4 b6 29. c3 Nf6 30. f3 a5 31. Kc2 g5 32. Kd3 Kg7 33. Kc4
Nd7 34. Kb5 c4 35. bxc4 a4 36. Kxa4 h5 37. Kb5 g4 38. fxg4 hxg4 39. Bc6 Ne5 40.
b3 Nd3 41. Kxb6 Nc1 42. b4 Ne2 43. Kc5 Nxc3 44. b5 Nb1 45. b6 Nd2 46. Kb4 g3
47. h3 Nf1 48. b7 Ne3 49. b8=Q Nc2+ 50. Kc3 Na3 51. Qxg3+ Kf7 52. Qe5 Nxc4 53.
Be8+ Kg8 54. Qe6+ 54... Kh8 {Hossa resigns} 1-0

[Event "ICS unrated blitz match"]
[Site "204.178.125.65"]
[Date "1999.11.04"]
[Round "?"]
[White "Hossa"]
[Black "Moron"]
[Result "0-1"]
[WhiteElo "2480"]
[BlackElo "2885"]
[PlyCount "174"]
[EventDate "1999.??.??"]

1. d4 d5 2. Nf3 Nf6 3. c4 c6 4. Nc3 e6 5. cxd5 exd5 6. Bg5 Be7 7. e3 Bf5 8. Be2
Nbd7 9. O-O O-O 10. Kh1 h6 11. Bh4 Re8 12. Bd3 Bxd3 13. Qxd3 Nb6 14. Bxf6 Bxf6
15. Qf5 Nc4 16. b3 Nd6 17. Qf4 Qd7 18. Rac1 Rad8 19. Qg3 h5 20. Kg1 Qg4 21. Rc2
Qxg3 22. hxg3 g5 23. Kh2 g4 24. Ne1 h4 25. Rh1 Nf5 26. Ne2 Kg7 27. gxh4 Bxh4
28. g3 Be7 29. Kg2 Rh8 30. Rxh8 Rxh8 31. Nd3 Bd6 32. a4 Kf6 33. b4 Ne7 34. Nc3
Ke6 35. b5 Rh6 36. bxc6 Nxc6 37. Rb2 b6 38. Rb5 Rh5 39. e4 Nxd4 40. Rxd5 Rxd5
41. exd5+ Kf5 42. Nb2 Bb4 43. Nbd1 Ke5 44. Na2 Nc2 45. Nxb4 Nxb4 46. d6 Kxd6
47. Ne3 Nd5 48. Nf5+ Ke5 49. Nh6 f5 50. Nf7+ Ke6 51. Nd8+ Kf6 52. Nc6 a5 53.
Nb8 Ke5 54. Nc6+ Ke4 55. Na7 Nc3 56. Nc8 Nxa4 57. Nd6+ Ke5 58. Nc4+ Kd5 59.
Ne3+ Ke4 60. Nc4 f4 61. gxf4 Kxf4 62. Kh2 Kf3 63. Kg1 g3 64. fxg3 Kxg3 65. Ne5
Nc3 66. Kf1 a4 67. Nd3 a3 68. Nb4 a2 69. Nc2 b5 70. Na1 Kf3 71. Nc2 b4 72. Na1
Ke3 73. Ke1 Kd3 74. Nb3 Ne2 75. Kd1 Kc3 76. Na1 Nd4 77. Ke1 Nc2+ 78. Ke2 Nxa1
79. Kf3 Kd4 80. Kg3 b3 81. Kg4 Ke5 82. Kf3 b2 83. Ke2 b1=Q 84. Kf3 Nc2 85. Kg2
a1=Q 86. Kf3 Qg1 87. Ke2 87... Qe3# {Hossa checkmated} 0-1

[Event "ICS rated blitz match"]
[Site "204.178.125.65"]
[Date "1999.11.04"]
[Round "?"]
[White "Hossa"]
[Black "EXchess"]
[Result "1-0"]
[WhiteElo "2480"]
[BlackElo "2423"]
[Annotator "Hiarcs 7.32 (22s)"]
[PlyCount "127"]
[EventDate "1999.??.??"]

1. e4 e5 2. Nf3 Nc6 3. d4 exd4 4. Nxd4 Bc5 5. Nb3 Bb6 6. Bd3 6... d6 {
Sichert c5} 7. Nc3 7... Qh4 {Mit der Mattdrohung Qxf2} 8. g3 8... Qf6 {
Droht Matt} 9. O-O (9. Qe2 9... Nge7 $11) 9... Qg6 $16 (9... Nge7 $5 $142 {
steht zur Diskussion} 10. Qh5 10... Qg6 $11) 10. e5 Bf5 11. exd6 Bxd3 12. Re1+
Nge7 13. d7+ $11 (13. Qxd3 cxd6 14. Qxg6 14... hxg6 $14) 13... Kxd7 14. cxd3
Rad8 15. Na4 $15 (15. d4 15... Kc8 $11) 15... Kc8 {
Uebt Druck auf den Isolani d3 aus} 16. Nxb6+ 16... axb6 {
Verwehrt dem Gegner a5+c5} 17. d4 Nf5 18. Be3 Rd7 19. a4 19... Rhd8 $11 {
Wird der Isolani fallen?} (19... Nfxd4 20. Nxd4 Nxd4 21. Bxd4 21... Rhd8 $11)
20. a5 {Weiss haelt das Heft fest in der Hand} 20... bxa5 21. Nxa5 21... Ncxd4
$2 $18 (21... Nb8 $11 $142 {ist noch spielbar}) 22. Bxd4 $4 $15 {
danach wendet sich das Blatt} (22. Nc4 $142 {nun kommt Weiss in Vorteil} 22...
Re7 23. Bxd4 Rxd4 24. Ra8+ Kd7 25. Qa4+ Qc6 26. Ne5+ Rxe5 27. Qxc6+ Kxc6 28.
Rxe5 $16) 22... Rxd4 $14 (22... Nxd4 $5 {muss erwogen werden} 23. Nc4 23... Kb8
$11) 23. Qb3 {Es droht Matt} 23... b6 $2 $18 (23... Qb6 24. Qxf7 Nd6 25. Qxg7
25... Kb8 $16) 24. Nc4 Qc6 25. Rec1 25... Rxc4 {
ob er will oder nicht, Schwarz muss Material hergeben} 26. Rxc4 Nd4 27. Qa2
Nf3+ 28. Kh1 28... Qb7 {Mit der Mattdrohung Ne1} 29. Qa8+ 29... Qxa8 {
Droht Matt: Qxa1} 30. Rxa8+ Kd7 31. Ra7 (31. Rxd8+ Kxd8 32. b4 32... Ne5 $18)
31... Rc8 32. Kg2 Ne1+ 33. Kh3 f5 (33... Nf3 $18) 34. Ra1 Nf3 35. Rf4 Ng5+ 36.
Kh4 Ne4 37. Rxf5 Ke6 38. Rf3 c5 (38... Rd8 39. Ra4 Nf6 40. Re3+ Kf7 41. Ra7
Rd4+ 42. f4 $18) 39. Ra7 g5+ (39... Rg8 40. Rb3 g5+ 41. Kh3 g4+ 42. Kh4 Nxf2
43. Rxb6+ Kd5 44. Rxh7 $18) 40. Kh5 Rg8 41. Re3 41... Kd5 {Droht Matt} 42. Rd7+
Kc6 43. Rf7 Re8 44. Kh6 g4 (44... Re6+ {hilft auch nicht mehr} 45. Kxh7 Kd6 46.
Kh8 $18) 45. Rf4 $1 {macht alles klar} 45... Re6+ (45... Kd5 {
holt die Kuh nicht vom Eis} 46. Kxh7 Re5 47. Kg6 $18) 46. Kxh7 Kd5 47. Kg7 Re7+
(47... b5 {aendert den traurigen Lauf der Dinge nicht} 48. Rxg4 Re7+ 49. Kf8
$18) 48. Kf8 Re5 49. f3 (49. Rxg4 $5 {
damit wuerde Weiss es sich noch erleichtern} 49... Rf5+ 50. Kg7 50... Nf6 $18)
49... gxf3 50. Rfxf3 {Vom Freibauern g3 wird noch die Rede sein} 50... Nf6 (
50... Rh5 {sonst gehen die Lichter sofort aus} 51. Rd3+ 51... Ke5 $18) 51.
Rxe5+ $1 {das wars} 51... Kxe5 52. h4 b5 (52... c4 {
waere gleichermassen fruchtlos} 53. Kf7 $1 {die Pointe} 53... Ng4 54. Rf4 Nh6+
55. Kg6 $18) 53. Kf7 Ne4 (53... Ng4 {macht keinen grossen Unterschied} 54. Rf4
Nh6+ 55. Kg7 Nf5+ 56. Rxf5+ Kxf5 57. h5 $18) 54. g4 (54. Kg6 $142 {
machte sofort alles klar} 54... c4 55. h5 Nd2 56. Rf5+ 56... Ke4 $18) 54...
Nd6+ (54... b4 {die letzte Gegenchance} 55. g5 $1 {die Entscheidung} 55... Nd6+
56. Kf8 56... Nf5 $18) 55. Kg6 Ke4 56. Rf8 $1 {die Entscheidung} 56... Nc4 57.
h5 $1 {entscheidend} 57... Nxb2 58. h6 $1 {glaenzend gespielt} 58... Nc4 59. h7
Ne5+ 60. Kh5 Nd3 61. h8=Q $1 {ist die Ueberraschung!} 61... b4 62. Re8+ Kd5 63.
Rd8+ $1 {ein unangenehmes Schach} 63... Kc4 64. Qa1 (64. Qa1 Nf4+ 65. Kh6 Nd5
66. Qe5 Nf6 67. Qe6+ Nd5 68. Qxd5+ Kc3 69. Qxc5+ Kb2 70. Rd2+ Ka3 71. Qa5+ Kb3
72. Qd5+ Kc3 73. Qd3#) (64. Qf6 Ne1 65. Qe6+ Kc3 66. Qxe1+ Kb3 67. Qe6+ c4 68.
Rd3+ Kc2 69. Qxc4+ Kb2 70. Qb3+ Kc1 71. Rd1#) 1-0

[Event "ICS rated blitz match"]
[Site "204.178.125.65"]
[Date "1999.11.04"]
[Round "?"]
[White "EXchess"]
[Black "Hossa"]
[Result "1-0"]
[WhiteElo "2410"]
[BlackElo "2493"]
[Annotator "Hiarcs 7.32 (22s)"]
[PlyCount "108"]
[EventDate "1999.??.??"]

1. e4 e5 2. Nf3 Nc6 3. Bb5 a6 4. Ba4 Nf6 5. O-O Nxe4 6. d4 $15 (6. Re1 $5 $142
{ist bedenkenswert} 6... Nc5 7. Bxc6 dxc6 8. Nxe5 $11) 6... b5 $11 (6... exd4
7. Re1 f5 8. Nxd4 $16) 7. Bb3 d5 8. dxe5 Be6 9. c3 {Staerkt b4} 9... Bc5 10.
Nbd2 O-O 11. Bc2 f5 (11... Nxf2 12. Rxf2 f6 13. exf6 Bxf2+ 14. Kxf2 Qxf6 15.
Kg1 $11) 12. Nb3 Bb6 13. Nfd4 Bd7 14. Bf4 14... Qh4 $14 (14... g5 15. Nxc6 Bxc6
16. Bxe4 fxe4 17. Be3 $11) 15. Be3 Nxe5 16. Nxf5 Bxf5 17. Qxd5+ Kh8 18. Bxb6
Nc4 19. Bxc7 $1 {zementiert den Vorteil} 19... Nxc3 20. Qf3 Bxc2 21. Qxc3 Bf5
22. Nd4 Rac8 (22... Qf6 23. Rac1 $16) 23. Nxf5 {Es droht Matt} 23... Rxf5 24.
Bg3 Qe4 25. Rfe1 Qb7 26. Re6 Rf7 (26... Rff8 27. b3 Nb6 28. Qa5 $16) 27. Rae1
Qa8 (27... Kg8 28. b3 Nb6 29. Bd6 $18) 28. b3 $1 {macht alles klar} 28... Na3 (
28... Nb6 29. Qa5 Nd5 30. Qxa6 Qxa6 31. Rxa6 31... b4 $18) 29. Qxc8+ $1 {
und der Wal spuckt Jonas wieder aus} 29... Qxc8 30. Bd6 Rf8 (30... Qg8 {
aendert nichts am Ausgang der Partie} 31. Re8 Rd7 32. Rxg8+ Kxg8 33. Bxa3 $18)
31. Bxf8 $1 {ist die Ueberraschung!} 31... Qxf8 32. Re8 {
Mit der Mattdrohung Rxf8} 32... Kg8 33. Rxf8+ Kxf8 34. Re6 a5 35. Ra6 $1 {
kraeftig gespielt} 35... b4 36. Rxa5 Kg8 (36... g6 {
macht keinen grossen Unterschied} 37. Ra8+ Kg7 38. Rb8 $18) 37. Rg5 Nb1 (37...
Kf7 {kann das Vorangegangene nicht ungeschehen machen} 38. Rg4 $18) 38. Rg4 Nc3
39. Rxb4 Nxa2 40. Rb8+ Kf7 41. b4 g5 (41... Nc3 {nuetzt auch nichts mehr} 42.
b5 Kg6 43. b6 $18) 42. b5 Nb4 (42... Ke6 43. Ra8 Kd6 44. Rxa2 $18) 43. b6 Na6
44. Ra8 $1 {Boing!. Droht Matt} 44... Nc5 45. Rc8 $1 {nun ist alles klar} 45...
Na6 46. b7 Ke6 47. Rc6+ Kd7 48. Rxa6 {Droht Matt: b8Q} 48... Kc7 49. Rb6 $1 {
das war die Absicht} 49... Kb8 50. g4 h6 51. h3 h5 52. gxh5 $18 (52. f3 h4 53.
Kg2 Kc7 54. b8=Q+ Kd7 55. Qa7+ Ke8 56. Rb8#) 52... g4 53. hxg4 $18 (53. f3 gxh3
54. Kh2 Kc7 55. b8=Q+ Kd7 56. Qa7+ Ke8 57. Rb8#) 53... Kc7 54. b8=Q+ Kd7 1-0

[Event "ICS rated blitz match"]
[Site "204.178.125.65"]
[Date "1999.11.04"]
[Round "?"]
[White "Hossa"]
[Black "EXchess"]
[Result "0-1"]
[WhiteElo "2473"]
[BlackElo "2430"]
[PlyCount "65"]
[EventDate "1999.??.??"]

1. e4 e5 2. Nf3 Nc6 3. d4 exd4 4. Nxd4 Nf6 5. Nxc6 bxc6 6. Bd3 d5 7. exd5 cxd5
8. Bb5+ Bd7 9. Bxd7+ Qxd7 10. O-O Be7 11. Nc3 O-O 12. Bg5 Rad8 13. Re1 c6 14.
Qd4 Rfe8 15. Re5 c5 16. Qf4 d4 17. Rd1 dxc3 18. Rxd7 Nxd7 19. Rxe7 Rxe7 20. Qc1
cxb2 21. Qb1 f6 22. Be3 Nb6 23. h4 Nc4 24. Kh2 Rb7 25. a4 Kh8 26. c3 Na3 27.
Qa2 b1=Q 28. Qxa3 Qe4 29. Kg3 h5 30. Bf4 g5 31. hxg5 h4+ 32. Kg4 Qxg2+ 33. Bg3
{Hossa resigns} 0-1

[Event "ICS rated blitz match"]
[Site "204.178.125.65"]
[Date "1999.11.04"]
[Round "?"]
[White "EXchess"]
[Black "Hossa"]
[Result "1-0"]
[WhiteElo "2448"]
[BlackElo "2455"]
[PlyCount "120"]
[EventDate "1999.??.??"]

1. e4 e5 2. Nf3 Nc6 3. Bb5 a6 4. Ba4 Nf6 5. O-O d6 6. Bxc6+ bxc6 7. d4 Nxe4 8.
Re1 Bf5 9. dxe5 d5 10. Nd4 Bd7 11. e6 Bxe6 12. f3 Nf6 13. Nxe6 fxe6 14. Rxe6+
Kd7 15. Re1 Kc8 16. Be3 Rb8 17. Bd4 c5 18. Bxf6 gxf6 19. c4 d4 20. Qa4 Kb7 21.
Nd2 Ka7 22. Qa3 Rb6 23. Re2 Bd6 24. Ne4 Re8 25. Rae1 f5 26. Nxd6 Rxe2 27. Nc8+
Qxc8 28. Rxe2 Rb4 29. Qd3 Qf8 30. b3 Rb6 31. Re5 Rf6 32. b4 Qh6 33. Rxc5 Qc1+
34. Kf2 Re6 35. Re5 Qb2+ 36. Qe2 Qxe2+ 37. Rxe2 Rc6 38. c5 a5 39. a3 axb4 40.
axb4 Rh6 41. Ra2+ Kb7 42. h3 d3 43. Ke3 Ra6 44. Rxa6 Kxa6 45. Kxd3 Kb5 46. Kc3
f4 47. h4 Ka4 48. Kc4 c6 49. h5 h6 50. b5 cxb5+ 51. Kd4 b4 52. c6 b3 53. Kc3
Ka3 54. c7 b2 55. c8=Q b1=N+ 56. Kc2 Kb4 57. Qf8+ Kb5 58. Kxb1 Kc6 59. Qxh6+
Kd5 60. Qxf4 60... Kc5 {Hossa resigns} 1-0

[Event "ICS rated blitz match"]
[Site "204.178.125.65"]
[Date "1999.11.04"]
[Round "?"]
[White "leskovar"]
[Black "Hossa"]
[Result "0-1"]
[WhiteElo "2430"]
[BlackElo "2439"]
[PlyCount "108"]
[EventDate "1999.??.??"]

1. e4 e5 2. Nf3 Nc6 3. Bb5 a6 4. Ba4 b5 5. Bb3 Nf6 6. d4 exd4 7. O-O Bc5 8. e5
Ng4 9. h3 Ngxe5 10. Nxe5 Nxe5 11. Re1 d6 12. f4 d3+ 13. Be3 dxc2 14. Bxc2 Bb4
15. Bd2 Bc5+ 16. Kh2 Bf2 17. fxe5 Bxe1 18. Qxe1 d5 19. Bb4 Qg5 20. Nc3 Qf4+ 21.
Qg3 Qxg3+ 22. Kxg3 Be6 23. Bc5 O-O-O 24. Ne2 h5 25. Nd4 h4+ 26. Kh2 Kd7 27. b4
Rh5 28. Re1 Re8 29. a4 c6 30. axb5 cxb5 31. Bd1 Rg5 32. Nxe6 fxe6 33. Bg4 Ra8
34. Rf1 Rxe5 35. Rf7+ Kc6 36. Rxg7 a5 37. Rg6 axb4 38. Bxb4 Re8 39. Rh6 Re4 40.
Bd2 b4 41. Rxh4 Ra8 42. Rh6 Ra2 43. Bxe6 Rxd2 44. Bf5+ Kc5 45. Bxe4 dxe4 46.
Rh8 e3 47. Re8 Kd4 48. h4 b3 49. h5 b2 50. h6 b1=Q 51. Rd8+ Ke5 52. Re8+ Kf4
53. Rf8+ Kg5 54. h7 54... Qxh7+ {leskovar resigns} 0-1

[Event "ICS rated blitz match"]
[Site "204.178.125.65"]
[Date "1999.11.04"]
[Round "?"]
[White "Hossa"]
[Black "LeonGM"]
[Result "1-0"]
[WhiteElo "2455"]
[BlackElo "2575"]
[PlyCount "99"]
[EventDate "1999.??.??"]

1. e4 d6 2. Nf3 Nf6 3. Nc3 g6 4. d4 Bg7 5. Bg5 O-O 6. Be2 Bg4 7. O-O Nc6 8. d5
Bxf3 9. Bxf3 Ne5 10. Be2 c6 11. Rb1 Rc8 12. f4 Ned7 13. f5 cxd5 14. exd5 Ne5
15. Qd4 Qa5 16. fxg6 hxg6 17. Bb5 Rxc3 18. bxc3 Rc8 19. c4 a6 20. Qa7 Qc7 21.
Ba4 Qxc4 22. Bxf6 Bxf6 23. Qxb7 Ng4 24. Bb3 Qc5+ 25. Kh1 Rc7 26. Qa8+ Kg7 27.
Qb8 Be5 28. Rf3 Rc8 29. Qb7 Rh8 30. h3 Nf2+ 31. Kg1 Nxh3+ 32. Kf1 Ng5 33. Ke2
Ne4 34. Qxe7 Rf8 35. Re1 Qd4 36. Rd1 Nc3+ 37. Rxc3 Qxc3 38. Rd3 Qc6 39. dxc6
Bf6 40. Qxf8+ Kxf8 41. c7 Kg7 42. Rxd6 Be5 43. Rd7 Bxc7 44. Rxf7+ Kh6 45. Rxc7
Kg5 46. Rf7 Kg4 47. Be6+ Kg3 48. Ke3 Kh2 49. Kf2 g5 50. Rh7# {LeonGM checkmated
} 1-0

[Event "ICS rated blitz match"]
[Site "204.178.125.65"]
[Date "1999.11.04"]
[Round "?"]
[White "MissSilicon"]
[Black "Hossa"]
[Result "1/2-1/2"]
[WhiteElo "2677"]
[BlackElo "2476"]
[PlyCount "218"]
[EventDate "1999.??.??"]

1. e4 e5 2. Nf3 Nc6 3. Bb5 a6 4. Ba4 b5 5. Bb3 Nf6 6. Ng5 d5 7. exd5 Nd4 8. O-O
Nxb3 9. cxb3 Bg4 10. Qc2 Qxd5 11. Qxc7 Bd6 12. Qc2 O-O 13. Nc3 Qc6 14. Nge4
Nxe4 15. Qxe4 Qxe4 16. Nxe4 Bb8 17. Re1 Rc8 18. d3 Rc2 19. a4 Bd7 20. axb5 Bxb5
21. Nc3 Bxd3 22. Rd1 e4 23. Nxe4 Bxh2+ 24. Kxh2 Bxe4 25. Rxa6 Rac8 26. Rad6 f5
27. Be3 Rxb2 28. Rd8+ Rxd8 29. Rxd8+ Kf7 30. Rd7+ Ke6 31. Rxg7 Rxb3 32. Rxh7
Rb2 33. Rh4 Re2 34. Kg3 Bd3 35. Rh6+ Kd5 36. Rh8 Ke6 37. Re8+ Kd7 38. Re5 Kd6
39. Kf4 Rc2 40. Bd4 Rc4 41. Ke3 Bb1 42. f4 Rc1 43. g3 Rd1 44. Bc5+ Kc6 45. Ke2
Rd5 46. Bb4 Rd4 47. Be7 Rc4 48. Kf2 Be4 49. Bh4 Rc3 50. Ke1 Rf3 51. Ke2 Rc3 52.
g4 Rh3 53. gxf5 Bd3+ 54. Kd2 Rxh4 55. Kxd3 Rxf4 56. Ke3 Rh4 57. f6 Kd7 58. Kf3
Kd8 59. f7 Rh8 60. Ke4 Rf8 61. Kd5 Kd7 62. Rf5 Ke7 63. Rh5 Kf6 64. Rh6+ Kg5 65.
Rh7 Kg6 66. Rh4 Rd8+ 67. Ke6 Rc8 68. Rg4+ Kh7 69. Rg5 Rb8 70. Rb5 Rc8 71. Rf5
Kg7 72. Rg5+ Kh7 73. Kf6 Rc6+ 74. Ke5 Rc8 75. Kd6 Rb8 76. Rb5 Ra8 77. Ra5 Rb8
78. Rg5 Rb6+ 79. Ke5 Rb5+ 80. Ke4 Rb4+ 81. Kd5 Rb5+ 82. Kc6 Rb8 83. Kd7 Rb7+
84. Ke8 Rb8+ 85. Ke7 Rb7+ 86. Kf6 Rb6+ 87. Kf5 Rb8 88. Rg4 Rb5+ 89. Ke6 Rb6+
90. Ke5 Rb5+ 91. Kd6 Rb6+ 92. Ke7 Rb7+ 93. Kf6 Rb6+ 94. Kg5 Rb8 95. Rb4 Rc8 96.
Kf6 Rc6+ 97. Ke7 Rc7+ 98. Ke8 Rc8+ 99. Kd7 Ra8 100. Ra4 Rb8 101. Ke6 Rb6+ 102.
Ke7 Rb7+ 103. Kf6 Rb6+ 104. Ke5 Rb5+ 105. Kf4 Rb8 106. Ra7 Rf8 107. Kf5 Kg7
108. Ke6 Kg6 109. Ra3 109... Rc8 {Game drawn by the 50 move rule} 1/2-1/2